Záťažové situácie a ich vplyv na krízového manažéra
Záťažové situácie krízového manažéra. Štruktúra psychiky človeka. Prehľad mnohých príčin vzniku záťažových situácií a charakteristika čŕt krízových javov.
Saved in:
| Main Author: | |
|---|---|
| Format: | Book Chapter |
| Language: | Slovak |
| Subjects: | |
| Tags: |
No Tags, Be the first to tag this record!
|
MARC
| LEADER | 00000naa a2200000 4500 | ||
|---|---|---|---|
| 001 | 0143582 | ||
| 005 | 20231204133121.5 | ||
| 041 | 0 | |a slo | |
| 044 | |a SK | ||
| 245 | 1 | 0 | |a Záťažové situácie a ich vplyv na krízového manažéra |c Valéria Moricová |
| 520 | |a Záťažové situácie krízového manažéra. Štruktúra psychiky človeka. Prehľad mnohých príčin vzniku záťažových situácií a charakteristika čŕt krízových javov. | ||
| 610 | 2 | 0 | |a manažéri |
| 610 | 2 | 0 | |a stresy |
| 610 | 2 | 0 | |a správanie |
| 610 | 2 | 0 | |a vedomie |
| 610 | 2 | 0 | |a manažment krízový |
| 610 | 2 | 0 | |a komunikácia manažérska |
| 100 | 1 | |a Moricová, Valéria | |